Sports Quiz

Random Sports or MLB Quiz

MLB Sluggers Final Teams Quiz Stats

Quiz not verified by Sporcle

Challenge
Share
Tweet
Embed
Score 0/0 Timer 00:00
0 Plays Today
Key MLB Team(s) Last MLB Team % Correct
Willie MaysNew York Mets
89.6%
Henry AaronMilwaukee Brewers
86.5%
Babe RuthBoston Braves
83.3%
Carlos DelgadoNew York Mets
81.1%
Sammy SosaTexas Rangers
76.6%
Vladimir GuerreroBaltimore Orioles
75.2%
Andruw JonesNew York Yankees
74.8%
Frank ThomasOakland Athletics
67.1%
Eddie MurrayLos Angeles Dodgers
55.4%
Jim ThomeBaltimore Orioles
54.1%
Key MLB Team(s) Last MLB Team % Correct
Mike PiazzaOakland Athletics
54.1%
Frank RobinsonCleveland Indians
49.5%
Juan GonzalezCleveland Indians
47.3%
Andre DawsonFlorida Marlins
43.7%
Harmon KillebrewKansas City Royals
41%
Dave WinfieldCleveland Indians
36%
Eddie MathewsDetroit Tigers
35.1%
Billy WilliamsOakland Athletics
32.4%
Jimmie FoxxPhiladelphia Phillies
32%
Jose CansecoChicago White Sox
7.2%

You're not logged in!

Compare scores with friends on all Sporcle quizzes.
Sign Up with Email
OR
Log In

You Might Also Like...

Show Comments

Extras

Top Quizzes Today


Score Distribution

Your Account Isn't Verified!

In order to create a playlist on Sporcle, you need to verify the email address you used during registration. Go to your Sporcle Settings to finish the process.

Report this User

Report this user for behavior that violates our Community Guidelines.

Details: